Design Shops : diseño de tiendas /
Збережено в:
| Автор: | |
|---|---|
| Інші автори: | |
| Формат: | Книга |
| Мова: | Іспанська |
| Опубліковано: |
Barcelona, España :
Instituto Monsa de Ediciones,
2003, c2003
|
| Серія: | (Hot Architecture)
|
| Предмети: | |
| Теги: |
Немає тегів, Будьте першим, хто поставить тег для цього запису!
|
MARC
| LEADER | 00000nam^a2200000^a^4500 | ||
|---|---|---|---|
| 001 | 000156628 | ||
| 005 | 20250521000000.0 | ||
| 009 | 20260310100511.403 | ||
| 020 | |a 84-95275-99-6 | ||
| 037 | |a Acervo ITESO - Biblioteca | ||
| 041 | |a ESP | ||
| 082 | |a 724. 6 |b HOT V. 10 | ||
| 100 | |a Broto, Carles |e (ed.) | ||
| 240 | 1 | 1 | |a [Hot Architecture] |
| 245 | 1 | 0 | |a Design Shops : |b diseño de tiendas / |c Ed. de C. Broto, J.M. Minguet. |
| 264 | 4 | |a Barcelona, España : |b Instituto Monsa de Ediciones, |c 2003, c2003 | |
| 300 | |a 287 p. | ||
| 336 | |a texto |b txt |2 rdacontenido | ||
| 337 | |a sin mediación |b n |2 rdamedio | ||
| 338 | |a volumen |b nc |2 rdasoporte | ||
| 440 | 1 | |a (Hot Architecture) | |
| 649 | |a XX | ||
| 650 | |a Locales Comerciales y de Servicios | ||
| 650 | |a Centros Comerciales | ||
| 650 | |a Decoración y Ornamentación | ||
| 650 | |a Espacio Arquitectónico | ||
| 650 | |a Diseño Arquitectónico | ||
| 650 | |a Arquitectura - |y Siglo XX | ||
| 650 | |a Arquitectura - |x Historia y Crítica | ||
| 650 | |a Arte - |y Siglo XX | ||
| 650 | |a Arte - |x Historia y Crítica | ||
| 700 | |a Minguet, Josep Maria |e (edición) | ||
| 910 | |a Fondo General | ||
| 920 | |a Impresos - Libros | ||
| 930 | |a Reserva Especial | ||
| 905 | |a 103 | ||
| 901 | |a 0500085347 |b IT1 |c REE |u 20250521 | ||
| 902 | |a https://opac.biblio.iteso.mx/vufind/Record/000156628 | ||